| 000 | 01520nam a22003017a 4500 | ||
|---|---|---|---|
| 001 | 458 | ||
| 003 | BD-RjUL | ||
| 005 | 20211208233201.0 | ||
| 008 | 161204s1960 pk |||||||||| 001 0 eng d | ||
| 020 | _c: PRs. 20.00 | ||
| 035 | _a(BD-RjUL)475 | ||
| 040 |
_aBD-RjUL _beng _cBD-RjUL _dBD-RjUL |
||
| 041 | _aeng | ||
| 082 | 0 | 4 |
_223 _a015.549031 _bKAD 1960 |
| 100 | 1 |
_aKarim, Munsi Abdul, _91427 |
|
| 245 | 1 | 3 |
_aA descriptive catalogue of Bengali manuscripts in Munshi Abdul Karim's collection / _cby Munsi Abdul Karim and Ahmad Sharif ; English Edition with an Introduction by Syed Sajjad Husain |
| 260 |
_aDacca : _bAsiatic Society of Pakistan, _c1960. |
||
| 300 |
_axi, 589, xxix p. ; _c25 cm. |
||
| 490 |
_aAsiatic Society of Pakistan Publication ; _vno. 3 |
||
| 500 | _a "A translation of the descriptive catalogue of Bengali manuscripts originally prepared by the collector, Munshi Abdul Karim ... the collection was acquired by the University of Dacca shortly before his death and his catalogue edited and prepared for publication by his nephew Mr. Ahmad Sharif." | ||
| 504 | _aIncludes indexes. | ||
| 650 |
_aManuscripts, Bengali _vCatalogs. _91428 |
||
| 700 | 1 |
_aSharif, Ahmad, jt . auth. _91429 |
|
| 700 | 1 |
_aHusain, Syed Sajjad, Introducer _9168761 |
|
| 830 |
_aAsiatic Society of Pakistan Publication ; _vno. 3 _9138080 |
||
| 856 |
_3WorldCat _uhttp://www.worldcat.org/title/descriptive-catalogue-of-bengali-manuscripts-in-munshi-abdul-karims-collection/oclc/246117769&referer=brief_results |
||
| 942 |
_2ddc _cREF |
||
| 999 |
_c458 _d458 |
||